Statistics for 1990 World Cup Winners - West Germany

Click here to take the quiz!

General Stats

  • This quiz has been taken 29 times
  • The average score is 10 of 22

Answer Stats

#PositionAnswer% Correct
10MFLothar Matthäus
96%
18FWJürgen Klinsmann
88%
3DFAndreas Brehme
81%
9FWRudi Völler
73%
1GKBodo Illgner
62%
6DFGuido Buchwald
54%
4DFJürgen Kohler
54%
7MFPierre Littbarski
54%
8MFThomas Häßler
50%
5DFKlaus Augenthaler
42%
17MFAndreas Möller
38%
13FWKarl-Heinz Riedle
38%
14DFThomas Berthold
38%
20MFOlaf Thon
35%
22GKAndreas Köpke
31%
2DFStefan Reuter
27%
15MFUwe Bein
27%
11FWFrank Mill
23%
19DFHans Pflügler
19%
16DFPaul Steiner
19%
12GKRaimond Aumann
19%
21MFGünter Hermann
15%

Score Distribution

Percentile by Number Answered

Percent of People with Each Score

Your Score History

You have not taken this quiz